etienne - ethel cain - Statistics

General Stats
  • This quiz has been taken 10 times
  • The average score is 111 of 125
Answer Stats
Answer % Correct
a
100%
and
100%
anymore
100%
attack
100%
best
100%
by
100%
didnt
100%
die
100%
distance
100%
fast
100%
felt
100%
for
100%
good
100%
he
100%
heart
100%
himself
100%
kill
100%
next
100%
ran
100%
run
100%
running
100%
so
100%
that
100%
the
100%
then
100%
to
100%
tried
100%
until
100%
want
100%
was
100%
way
100%
again
86%
but
86%
collapsed
86%
could
86%
exhausted
86%
have
86%
same
86%
thing
86%
thought
86%
week
86%
as
71%
end
71%
his
71%
life
71%
night
71%
on
71%
still
71%
very
71%
after
57%
decided
57%
far
57%
fifth
57%
fourth
57%
going
57%
hard
57%
induce
57%
sizable
57%
third
57%
been
43%
had
43%
out
43%
set
43%
this
43%
dies
14%
No matching quizzes found
Score Distribution
Percent of People with Each Score
Percentile by Number Answered
Your Score History
You have not taken this quiz